• 首页
  • 本馆介绍
  • 公告通知
  • 最新文献
  • 馆藏检索
  • 电子资源
  • 读者导购
  • 参考咨询
  • 我的图书馆
  • 登录
  • 详细信息显示
  • 放入我的书架
  • 预约/预借图书
  • 作者相关作品
  • 分类相关作品
  • 丛书相关作品
  • 出版社相关作品

书目信息

  • 表格格式
  • 工作单格式
  • 卡片格式
题名:
律师论辩学
    
 
作者: 秦甫 编著
分册:  
出版信息: 北京   人民法院出版社  2001
页数: 455页
开本: 20cm
丛书名: 律师论辩艺术丛书
单 册:
中图分类: D916.5
科图分类:
主题词: 法学--部门 , 律师--论辩--基本原理
电子资源:
ISBN: 7-80161-112-8
000 00635nam0 2200229 45
001 0309231042
005 20031219104116.0
010    @a7-80161-112-8@dCNY28.00
100    @a20030923d2001 km y0chiy0120 ea
101 0  @achi
105    @a z 000yy
200 1  @a律师论辩学@ALu Shi Lun Bian Xue@f秦甫编著@FQin Fu Bian Zhu
210    @a北京@c人民法院出版社@d2001
215    @a455页@d20cm
225    @a律师论辩艺术丛书
410    @12001 @a律师论辩艺术丛书
606 0  @a法学@x部门
606 0  @a律师@x论辩@x基本原理
690    @aD916.5@v4
701    @a秦甫@4编著
801    @aCN@bTSTC@c20030923
905    @b326257-261@dD916.5@e202@f5
    
    律师论辩学/秦甫编著.-北京:人民法院出版社,2001
    455页;20cm.-(律师论辩艺术丛书)
    
    
    ISBN 7-80161-112-8:CNY28.00
    
●
相关链接 在E读中查询图书 在五车中查询图书 在当当中查询图书 在豆瓣中查询图书


正题名:律师论辩学     索取号:D916.5/202         预约/预借

序号 登录号 条形码 馆藏地/架位号 状态 备注
1 0326257   203262575   第一借阅区/ [索取号:D916.5/202] 在馆    
2 0326258   203262584   第一借阅区/ [索取号:D916.5/202] 在馆    
3 0326259   203262593   第一借阅区/ [索取号:D916.5/202] 在馆    
4 0326260   203262600   第一借阅区/ [索取号:D916.5/202] 在馆    
5 0326261   203262619   第一样本阅览室/ [索取号:D916.5/202] 在馆    
唐山师范学院图书馆 欢迎您!
大连网信软件有限公司© 版权所有